Thursday next in lost in a good book : a novel (Record no. 36569)

MARC details
000 -LEADER
fixed length control field 00627nam a2200181Ia 4500
020 ## - INTERNATIONAL STANDARD BOOK NUMBER
ISBN 9780670038718
050 ## - CALL MARK
Classification number PR 6106 .F67 F76/
100 ## - STATEMENT OF RESPONSIBILITY--MAIN AUTHOR NAME
Personal name Fforde, Jasper
245 #0 - TITLE STATEMENT
Title Thursday next in lost in a good book : a novel
260 ## - PUBLICATION, DISTRIBUTION, ETC. (IMPRINT)
Place of publication New York
260 ## - PUBLICATION, DISTRIBUTION, ETC. (IMPRINT)
Name of publisher Penguin
260 ## - PUBLICATION, DISTRIBUTION, ETC. (IMPRINT)
Year of publication 2007
300 ## - PHYSICAL DESCRIPTION
Number of Pages 363 p
650 ## - SUBJECT ADDED ENTRY--TOPICAL TERM
Topical Term Next Thursday Fictitious character_Fiction |9 399192 Women detectives_Great Britain_Fiction |9 270736 Fiction_Authorship_Fiction |9 238328 Books and reading_Fiction |9 244952 Time travel_Fiction |9 201499
942 ## - ADDED ENTRY ELEMENTS (KOHA)
Koha item type Books
Holdings
Withdrawn status Lost status Source of classification or shelving scheme Damaged status Not for loan Permanent Location Current Location Date acquired Accession Number Price effective from Koha item type
    Library of Congress Classification     NILE UNIVERSITY OF NIGERIA - MAIN LIBRARY NILE UNIVERSITY OF NIGERIA - MAIN LIBRARY 04/23/2025 0010694 04/23/2025 Books